Central Library OPAC University of Rajshahi

Writing good prose : (Record no. 43594)

MARC details
000 -LEADER
fixed length control field 00698nam a2200217 a 4500
001 - CONTROL NUMBER
control field 43594
003 - CONTROL NUMBER IDENTIFIER
rucl marc code BD-RjUL
005 - DATE AND TIME OF LATEST TRANSACTION
control field 20211209053724.0
008 - FIXED-LENGTH DATA ELEMENTS--GENERAL INFORMATION
fixed length control field 160625s1961 nyua 000 0 eng
035 ## - SYSTEM CONTROL NUMBER
System control number (BD-RjUL) 43712
040 ## - CATALOGING SOURCE
Original cataloging agency DLC
Transcribing agency CarP
Modifying agency DLC
-- BD-RjUL
Language of cataloging eng
041 ## - LANGUAGE CODE
Language code of text/sound track or separate title eng
082 ## - DEWEY DECIMAL CLASSIFICATION NUMBER
Edition number 23
Classification number 420
Author mark and year JOW 1961
100 1# - MAIN ENTRY--PERSONAL NAME
Personal name Jones, Alexander E.
9 (RLIN) 133950
245 10 - TITLE STATEMENT
Title Writing good prose :
Remainder of title a structural approach to writing paragraphs and themes /
Statement of responsibility, etc. Alexander E. Jones, Claude Winston Faulkner
260 ## - PUBLICATION, DISTRIBUTION, ETC. (IMPRINT)
Place of publication, distribution, etc. New York :
Name of publisher, distributor, etc. Scribner,
Date of publication, distribution, etc. c1961
300 ## - PHYSICAL DESCRIPTION
Pagination 292 p. :
Illustrations ill. ;
Size 28 cm.
650 #0 - SUBJECT ADDED ENTRY--TOPICAL TERM
Topical term or geographic name as entry element English language
9 (RLIN) 133951
700 1# - ADDED ENTRY--PERSONAL NAME
Personal name Faulkner, Claude Winston,
Dates associated with a name 1916-
942 ## - ADDED ENTRY ELEMENTS (KOHA)
Source of classification or shelving scheme Dewey Decimal Classification
Koha item type Books
Holdings
Lost status Source of classification or shelving scheme Damaged status Not for loan Collection code Permanent Location Current Location Shelving location Date acquired Source of acquisition Total Checkouts Full call number Date last seen Copy number Koha item type
  Dewey Decimal Classification     Non-fiction Central Library, University of Rajshahi Central Library, University of Rajshahi   20/10/1984 USIS Gift   420 JOW 1961 25/06/2016 C-2 Books